1284 1353 1154 1082 1410 1311 1683 1644 1615 1664 1342 1506 1201 1939 1536 1532 1744 1998 1089 1598 1694 1627 1635 1262 1186 1971 1115 1643 1964 1606 1176 1319 1022 1819 1397 1612 1327 1468 1509 1211 1657 1223 1659 1089 1447 1122 1833 1544 1759 1969 1779 1247 1819 1067 1446 1022 1461 1875 1111 1742 1660 1182 1305 1348 1088 1220 1897 1973 1182 1042 1318 1731 1310 1899 1570 1981 1504 1722 1890 1874 1387 1845 1561 1999 1858 1372 1105 1955 1709 1838 1493 1508 1983 1807 1299 1850 1775 1970 1512 BCNSPRNW ULIB Ver.6.0+V

เปลี่ยนเป็นภาษาไทย

Change to English
 แสดงรายละเอียดบรรณานุกรม
  กลับหน้าหลัก

Brief Record : Get Marc (ISO 2709) : E-mail record : QR code < ปิดหน้าต่าง
LEADER : 00000nam 2200000uu 4500
001    13399114265
003     ULIB
008    120315s||||||||th 000 0 tha d
020    ^a9786167375663
060 04 WB115^bบ491ก
100 0  บดินทร์ ขวัญนิมิตร
245 00 ^aการปรึกษาปัญหาผู้ป่วยอายุรกรรมที่พบบ่อย =^bConsultative internal medicine 2011 /^cบดินทร์ ขวัญนิมิตร ; บรรณาธิการ
246 31 ^aConsultative internal medicine 2011
250    ^aพิมพ์ครั้งที่ 1
260    ^aสงขลา :^bชานเมืองการพิมพ์,^c2554
300    ^a(12), 212 หน้า :^bภาพประกอบ ;^c26 ซม.
504    ^aมีบรรณานุกรมและดัชนี
650  4 ^aการรักษาโรค^xรวมเรื่อง
650  4 ^aผู้ป่วย^xการให้คำปรึกษา
650  4 ^aอายุรศาสตร์^xรวมเรื่อง
710 1  มหาวิทยาลัยสงขลานครินทร์. ^bคณะแพทย์ศาสตร์
945    ^p400^l0^i031235
945    ^p400^l0^i031236
945    ^p400^l0^i031237
995    ^aทศพร
999 ^a ทศพร
รายการนี้ยังไม่มีแท็ก
คุณยังไม่ได้ล็อกอิน คุณสามารถมีกิจกรรมร่วมกับเว็บไซต์ได้ แต่ต้องล็อกอินก่อน ::
  ล็อกอิน

รายการสื่อสารสนเทศ

ลำดับที่ ประเภท เลขเรียก/บาร์โค้ด สถานที่ สถานะ
1. วิทยาศาสตร์การแพทย์ และสุขภาพ
วิทยาศาสตร์การแพทย์ และสุขภาพ
WB115 บ491ก ฉ.2 
  Barcode: 031236
ห้องสมุดวิทยาเขตสวรรค์ประชารักษ์
►ส่วนจัดเก็บหนังสือเก่า สปร
บนชั้น
  ขอยืม
2. วิทยาศาสตร์การแพทย์ และสุขภาพ
วิทยาศาสตร์การแพทย์ และสุขภาพ
WB115 บ491ก ฉ.3 
  Barcode: 031237
ห้องสมุดวิทยาเขตสวรรค์ประชารักษ์
►ส่วนจัดเก็บหนังสือเก่า สปร
บนชั้น
  ขอยืม

รายการใกล้เคียง
    ผู้แต่ง [บดินทร์ ขวัญนิมิตร]

BibComment


ยังไม่เคยถูกคอมเมนท์

คอมเมนท์ทรัพยากรรายการนี้
  คอมเมนท์: การปรึกษาปัญหาผู..


 Copyright 2026. Bcnsprnw @Library